Why Being a Caregiver is Hard on your Health/The Physical, Psychological, and Emotional Difficulties, in Formal Caregiver of Psychotic Patient. (Record no. 8531)
[ view plain ]
| 000 -LEADER | |
|---|---|
| fixed length control field | 01089cam a22001934a 4500 |
| 005 - ΗΜΕΡΟΜΗΝΙΑ ΚΑΙ ΩΡΑ ΤΕΛΕΥΤΑΙΑΣ ΕΝΗΜΕΡΩΣΗΣ | |
| Πεδίο ελέγχου | 20250605164338.0 |
| 008 - FIXED-LENGTH DATA ELEMENTS--GENERAL INFORMATION | |
| Πεδίο ελέγχου σταθερού μήκους | 250528s ||||||||||||||||||||||||d |
| 035 ## - SYSTEM CONTROL NUMBER | |
| System control number | 23530 |
| 040 ## - ΠΗΓΗ ΚΑΤΑΛΟΓΟΓΡΑΦΗΣΗΣ | |
| Φορέας πρωτότυπης καταλογογράφησης | MC Athens Campus Library |
| Γλώσσα καταλογογράφησης | Ελληνικά, Μοντέρνα (1453-) |
| Modifying agency | MC Athens Campus Library |
| Κανόνες περιγραφικής καταλογογράφησης | AACR2 |
| 245 1# - ΤΙΤΛΟΣ ΚΑΙ ΔΗΛΩΣΗ ΥΠΕΥΘΥΝΟΤΗΤΑΣ | |
| Τίτλος | Why Being a Caregiver is Hard on your Health/The Physical, Psychological, and Emotional Difficulties, in Formal Caregiver of Psychotic Patient. |
| 260 ## - PUBLICATION, DISTRIBUTION, ETC. | |
| Date of publication, distribution, etc. | 2010 |
| 300 ## - PHYSICAL DESCRIPTION | |
| Extent | 39 |
| 520 ## - SUMMARY, ETC. | |
| Summary, etc. | Introduction, Ethical Dilemnas in Nursing, The Psychiatric Nurse Patient Relationship, The Burnout Risk, Conditions that Cause Employee Burnout, Counteracting Burnout, Counseling Services, Clinical Supervision, Organizational Empowerment, Stigma and Psychological Services, The Phychiatric Reform in Greece, Research Questions and Aims, Rational, Aim, Objectives, Methodology, Design/Theoretical Approach to Methodology, Participants, Materials/Interview, Questions, Procedure, Ethical Considerations, References, Appendix. |
| 700 1# - ΠΡΟΣΘΕΤΗ ΑΝΑΓΡΑΦΗ--ΦΥΣΙΚΟ ΠΡΟΣΩΠΟ | |
| Personal name | Louka Penelope |
| 9 (RLIN) | 9017 |
| 700 1# - ΠΡΟΣΘΕΤΗ ΑΝΑΓΡΑΦΗ--ΦΥΣΙΚΟ ΠΡΟΣΩΠΟ | |
| Personal name | Smyrni Panagiota |
| 9 (RLIN) | 9103 |
| 942 ## - ADDED ENTRY ELEMENTS (KOHA) | |
| Koha item type | Διπλωματική εργασία |
| Τύπος τεκμηρίου | Βιβλιοθήκη | Τρέχουσα τοποθεσία | Barcode | Ημερομηνία απόκτησης | Ταξιθετικό σύμβολο | Αριθμός αντιτύπου | Κατάσταση απόσυρσης | Κατάσταση χαμένου | Κατάσταση κατεστραμμένου | Μη δανεισμός | Σύνολο δανεισμών | Ημερομηνία τελευταίας εμφάνισης | Η τιμή ισχύει από |
|---|---|---|---|---|---|---|---|---|---|---|---|---|---|
| Διπλωματική εργασία | MC Athens Campus Library | MC Athens Campus Library | 9780000085306 | 05/06/2025 | PSY 2010 (17) | 1 | 05/06/2025 | 05/06/2025 |